000 01786nam a2200301 i 4500
001 768714001
003 CO-MdFUSB
005 20210824161035.0
007 ta
008 200604t2000 ag |||| |||| 00| 0 spa d
020 _a139789584217400
040 _aCO-MdFUSB
_bspa
_cCO-MdFUSB
_dCO-MdFUSBC
_erda
041 _aspa
082 _223
_a863.7
_bB443
100 _aBelli, Gioconda.
_eautor
245 _aSofía de los presagios
_c/ Gioconda Belli
264 1 _aArgentina :
_bSeix Barral,
_c[2000]
264 4 _c©2000
300 _c261 páginas ;
_a23 cm
336 _2rdacontent
_atexto
_btxt
337 _2rdamedia
_asin mediación
_bn
338 _2rdacarrier
_avolumen
_bnc
520 _aA la edad de siete años, la pequeña Sofía se pierde entre la gente en medio de una vehemente discusión de sus padres y del desplazamiento atropellado de los gitanos. Aunque el destino le brinda otros padres entrañables y un mundo nuevo, también la enfrenta a muchas situaciones dolorosas y a la prepotencia patriarcal de René, un marido que la encierra y la priva de su libertad. Protegida por seres dotados de una sabiduría milenaria, la sangre y la rebeldía gitanas de Sofía se imponen a través de rituales y ceremonias antiguas, que la conducen hacia su verdadero origen y a dar, porfin, con el amor de su vida. Sofía de los presagios nos permite adentrarnos en el mundo mágico de una de las grandes narradoras de nuestro tiempo. Como ya hiciera en La mujer habitada, Gioconda Belli dibuja un personaje femenino fascinante, guiado por su instinto natural, que se perfila como el epicentro de un universo literario cargado de sensualidad, erotismo y feminidad.
563 _aRústico
650 7 _92265
_aLiteratura hispanoamericana
942 _cBK
945 _aDani
999 _c66035
_d66035